Diálogo sobre los oradores /

Furkejuvvon:
Bibliográfalaš dieđut
Váldodahkki: Tácito (autor)
Eará dahkkit: Heredia Correa, Roberto (introducción, notas y traducción) (introducción, notas y traducción)
Materiálatiipa: Girji
Giella:espánnjágiella
Almmustuhtton: México : UNAM, Centro de Estudios Clásicos, 1977, c1977
Ráidu:(Bibliotheca Scriptorum Graecorum et Romanorum Mexicana)
Fáttát:
Fáddágilkorat: Lasit fáddágilkoriid
Eai fáddágilkorat, Lasit vuosttaš fáddágilkora!

MARC

LEADER 00000nam^a2200000^a^4500
001 000385342
005 20250530000000.0
009 20260310120929.874
037 |a Acervo Xavier Clavigero 
041 |a ESP 
082 |a 870. 9  |b TAC 
100 |a Tácito  |e (autor) 
240 1 1 |a [Diálogo sobre los oradores] 
245 1 0 |a Diálogo sobre los oradores /  |c Tácito ; introd., notas y tr. por R. Heredia Correa. 
264 4 |a México :  |b UNAM, Centro de Estudios Clásicos,  |c 1977, c1977 
300 |a CV, 40, 40 p. 
336 |a texto  |b txt  |2 rdacontenido 
337 |a sin mediación  |b n  |2 rdamedio 
338 |a volumen  |b nc  |2 rdasoporte 
440 1 |a (Bibliotheca Scriptorum Graecorum et Romanorum Mexicana) 
545 0 |a Cornelio Tácito, político e historiador romano, nació hacia el año 55 y falleció hacia el 120. Participó activamente en la vida política de Roma, donde ocupó diversos cargos públicos entre los años 81 y 97. Sus obras se han conservado muy incompletas y el primer trabajo que se le atribuye, con persistentes reservas, es la obra retórica Diálogo de los oradores, fechado aproximadamente en el año 80. Vida de Agrícola, compuesta en 98, es su primera monografía histórica: se trata de una biografía de su suegro. En La Germania, monografía histórica publicada casi al mismo tiempo que la anterior, Tácito describe pueblos y lugares germánicos asentados entre los ríos Rin y Danubio. Empero, sus trabajos mayores son las Historias y los Anales, formados por catorce y 16 libros respectivamente. Las Historias aparecieron probablemente en el año 109 y comprendían desde la llegada al poder de Galba (68-69) hasta la muerte de Domiciano en 96; han sido conservados los primeros cuatro libros y la mitad del quinto. Redactados hacia los años 115-117, los Anales versan sobre la historia de Roma desde la llegada de Tiberio al poder (año 14) hasta la muerte de Nerón (año 68): perviven los primeros cuatro libros, un fragmento del quinto, partes del sexto, partes del undécimo, los libros 12-15 y la mitad del 16. 
546 |a Edición bilingüe español-latín 
561 |a Ex libris de Jesuitas JHS Cuernavaca, ejemplar 1 
561 |a Ex libris de Biblioteca Tepeyac, A.C. (ejemplar 2) 
649 |a XX 
650 |a Oratoria Clásica -  |x Historia y Crítica -  |x Tema Principal 
650 |a Retórica 
650 |a Literatura Clásica -  |x Historia y Crítica 
650 |a Literatura Clásica -  |y Siglo II 
650 |a Literatura Latina -  |x Historia y Crítica 
650 |a Literatura Latina -  |y Siglo II 
650 |a Roma -  |x Historia -  |y Alto Imperio, 31 a.C.-284 d.C 
650 |a Roma -  |x Historia -  |y Imperio, 31 a.C.-476 d.C 
700 |a Heredia Correa, Roberto  |e (introducción, notas y traducción) 
910 |a Fondo General 
920 |a Impresos - Libros 
930 |a Colección General 
940 |a Literatura 
905 |a 101 
901 |a 047867  |b IT1  |c LIT  |u 20250521 
901 |a 047864  |b IT1  |c LIT  |u 20250521 
902 |a https://opac.biblio.iteso.mx/vufind/Record/000385342